000 00415pab a2200157 454500
008 180718b2006 xxu||||| |||| 00| 0 eng d
100 _aRoy, M.P.
245 _aApproaches to reconstructing livelihoods: the CIL experience with self-employment schemes
260 _c2006
300 _ap.141-52.
362 _aMar
650 _aEmployment
650 _aSelf employed
773 _aSocial Change
909 _a70031
999 _c70031
_d70031